000 00591nam a2200205 a 4500
005 20240529063633.0
008 031023s1999 mx r 000 0 spa d
020 _a9681660684
035 _aUPN01000130353
049 _aI
050 4 _aPZ76.3
_bM3.4
100 1 _aMcKee, David,
_d1935-
_929650
245 1 3 _aUn día con Elmer /
_cDavid McKee.
260 _aMéxico :
_bFCE,
_c1999.
300 _a[14] p. :
_bprincipalmente il. col.
534 _pTraducción de:
_tElmer's day
650 4 _aElefantes
_vCuentos y leyendas
_99255
650 4 _aCuentos infantiles
_96744
905 _aInfantil
999 _c102510
_d102510